书目信息 |
| 题名: |
中国城市化与农村问题十六讲
|
|
| 作者: | ;东方讲坛办公室 主编 | |
| 分册: | ||
| 出版信息: | 上海 上海辞书出版社 2006 |
|
| 页数: | 202页 | |
| 开本: | 24cm | |
| 丛书名: | 东方讲坛系列丛书 | |
| 单 册: | ||
| 中图分类: | F299.21-53 , F32-53 | |
| 科图分类: | ||
| 主题词: | 城市化--中国--文集 , 农村--问题--中国--文集 , 城市化 , 农村 | |
| 电子资源: | ||
| ISBN: | 7-5326-2107-3 | |
| 000 | 00973oam2 2200289 450 | |
| 001 | 1257500218 | |
| 005 | 20121004155955.95 | |
| 010 | @a7-5326-2107-3@dCNY20.00 | |
| 100 | @a20060426d2006 em y0chiy50 ea | |
| 101 | 0 | @achi |
| 102 | @aCN@b310000 | |
| 105 | @aa z 000yy | |
| 200 | 1 | @a中国城市化与农村问题十六讲@Azhong guo cheng shi hua yu nong cun wen ti shi liu jiang@f东方讲坛办公室主编 |
| 210 | @a上海@c上海辞书出版社@d2006 | |
| 215 | @a202页@c照片@d24cm | |
| 225 | 2 | @a东方讲坛系列丛书 |
| 330 | @a本书收集了海内外各领域著作专家学者的精彩讲座16篇,共分为三大部分:“城市化”、“城市管理与城市建设”、“农村问题”。 | |
| 461 | 0 | @12001 @a东方讲坛系列丛书 |
| 606 | 0 | @a城市化@y中国@j文集 |
| 606 | 0 | @a农村@x问题@y中国@j文集 |
| 606 | 0 | @a城市化 |
| 606 | 0 | @a农村 |
| 690 | @aF299.21-53@v4 | |
| 690 | @aF32-53@v4 | |
| 711 | 02 | @a东方讲坛办公室@Adong fang jiang tan ban gong shi@4主编 |
| 801 | 0 | @aCN@bNLC@c20101222 |
| 905 | @a10447@dF299.21-53@eJY112 | |
| 中国城市化与农村问题十六讲/东方讲坛办公室主编.-上海:上海辞书出版社,2006 |
| 202页:照片;24cm.-(东方讲坛系列丛书) |
| ISBN 7-5326-2107-3:CNY20.00 |
| 本书收集了海内外各领域著作专家学者的精彩讲座16篇,共分为三大部分:“城市化”、“城市管理与城市建设”、“农村问题”。 |
| ● |
| 相关链接 |
|
|
|
|
正题名:中国城市化与农村问题十六讲
索取号:F299.21-53/JY112
 
预约/预借
| 序号 | 登录号 | 条形码 | 馆藏地/架位号 | 状态 | 备注 |
| 1 | 7813733 | 278137339 | 学院路分馆/ [索取号:F299.21-53/JY112] | 在馆 | |
| 2 | 7813734 | 278137348 | 学院路分馆/ [索取号:F299.21-53/JY112] | 在馆 |